[Event "DEM U18 2015"]
[Site "Willingen GER"]
[Date "2015.05.24"]
[Round "2"]
[White "Hess, Max"]
[Black "Müller, Nils Samuel"]
[Result "1-0"]
[Termination "normal"]
[Board "10"]
[WhiteElo "2221"]
[BlackElo "1812"]
[PlyCount "85"]
[WhiteFideId "24656666"]
[BlackFideId "24654361"]
[EventCountry "GER"]
[EventRounds "9"]
[EventType "swiss"]
[EventDate "2015.05.23"]

1. d4 Nf6 2. c4 g6 3. Nc3 Bg7 4. e4 d6 5. Be2 O-O 6. Be3 e5 7. d5 a5 8. g4 Na6
9. h4 Nc5 10. Bf3 Nfd7 11. h5 Nb6 12. Qe2 g5 13. h6 Bf6 14. b3 Nbd7 15. Qd2 Be7
16. Nge2 Re8 17. Ng3 Nf8 18. Nf5 f6 19. Ng7 Ng6 20. Nxe8 Qxe8 21. Bd1 Nf4 22.
f3 Bd7 23. Bc2 Bf8 24. Kf2 b6 25. a3 Na6 26. Ne2 Nxe2 27. Kxe2 a4 28. b4 Be7
29. Bd3 Qc8 30. Kf2 Qe8 31. Qe2 Qc8 32. Rac1 Qb7 33. Rc2 Be8 34. Rhc1 Bd7 35.
c5 bxc5 36. Bxa6 Rxa6 37. bxc5 dxc5 38. Bxc5 Bxc5+ 39. Rxc5 Qb6 40. Kg2 Ra7 41.
Qc4 Qb2+ 42. Rc2 Qb3 43. Rxc7 1-0

[Event "DEM U18 2015"]
[Site "Willingen GER"]
[Date "2015.05.24"]
[Round "2"]
[White "Engert, Marvin"]
[Black "Schulz, Lukas"]
[Result "0-1"]
[Termination "normal"]
[Board "11"]
[WhiteElo "1727"]
[BlackElo "2151"]
[PlyCount "84"]
[WhiteFideId "12901164"]
[BlackFideId "12924881"]
[EventCountry "GER"]
[EventRounds "9"]
[EventType "swiss"]
[EventDate "2015.05.23"]

1. e4 d5 2. exd5 Nf6 3. d4 Nxd5 4. c4 Nb6 5. Nc3 g6 6. c5 Nd5 7. Bc4 Nxc3 8.
bxc3 Bg7 9. Nf3 O-O 10. O-O Nc6 11. Be3 e5 12. Qd2 Bg4 13. Be2 exd4 14. cxd4
Bxf3 15. Bxf3 Bxd4 16. Bxd4 Qxd4 17. Qxd4 Nxd4 18. Bxb7 Rab8 19. Rab1 Ne6 20.
c6 Rfd8 21. Rb5 Rd6 22. g3 Nd4 23. Rc5 Re8 24. Kg2 Re2 25. a4 Ra2 26. Rc4 Nf5
27. Re4 Kf8 28. h4 Rd4 29. Rfe1 Rdd2 30. Rf4 Ne7 31. Ree4 Nd5 32. Rf3 f5 33.
Rc4 h5 34. Ba6 Nb6 35. Rb4 Rxa4 36. Rxa4 Nxa4 37. Bc8 Nb6 38. Ba6 Rc2 39. Bb5
Rc5 40. Rb3 a5 41. Bd3 a4 42. Rb5 Rxb5 0-1

[Event "DEM U18 2015"]
[Site "Willingen GER"]
[Date "2015.05.24"]
[Round "2"]
[White "Niegsch, Nicolas"]
[Black "Siegert, Gregor"]
[Result "1-0"]
[Termination "normal"]
[Board "12"]
[WhiteElo "2112"]
[BlackElo "1839"]
[PlyCount "63"]
[WhiteFideId "12932140"]
[BlackFideId "1271250"]
[EventCountry "GER"]
[EventRounds "9"]
[EventType "swiss"]
[EventDate "2015.05.23"]

1. e4 c5 2. Nf3 e6 3. d4 cxd4 4. Nxd4 a6 5. Nc3 Qc7 6. g3 Bb4 7. Bd2 Nc6 8. Nb3
Nf6 9. Bg2 O-O 10. O-O Rd8 11. a3 Be7 12. f4 d5 13. exd5 exd5 14. f5 d4 15. Ne4
Qb6 16. Kh1 a5 17. Nc1 Ne5 18. Bg5 Ra6 19. Nd3 Nc4 20. Qe2 Ne3 21. Bxe3 dxe3
22. Rae1 Nxe4 23. Bxe4 Bg5 24. Nf4 Re8 25. Qf3 Qd4 26. Rxe3 Bxf5 27. Rfe1 Bxf4
28. Qxf4 Rae6 29. Qxf5 g6 30. Qf3 Kg7 31. R3e2 Rf6 32. Qc3 1-0

[Event "DEM U18 2015"]
[Site "Willingen GER"]
[Date "2015.05.24"]
[Round "2"]
[White "Heldt, Ronny"]
[Black "Syrov, Arkadi"]
[Result "1/2-1/2"]
[Termination "normal"]
[Board "13"]
[WhiteElo "1871"]
[BlackElo "2051"]
[PlyCount "142"]
[WhiteFideId "12903973"]
[BlackFideId "12942448"]
[EventCountry "GER"]
[EventRounds "9"]
[EventType "swiss"]
[EventDate "2015.05.23"]

1. d4 d5 2. c4 c6 3. Nf3 Nf6 4. e3 e6 5. Nbd2 c5 6. Bd3 Nc6 7. dxc5 Bxc5 8. O-O
O-O 9. b3 e5 10. cxd5 Qxd5 11. Bc4 Qd6 12. Bb2 Bf5 13. Nb1 Qe7 14. h3 h6 15.
Nc3 Rfd8 16. Qe2 e4 17. Nd2 a6 18. a4 Ne5 19. Rfd1 Rac8 20. Rac1 Bg6 21. Nf1
Bh5 22. Rxd8+ Rxd8 23. Qc2 Bg6 24. Rd1 Nd3 25. Ng3 Nxb2 26. Rxd8+ Qxd8 27. Qxb2
Qd6 28. Nge2 Nd7 29. Nf4 Bf5 30. Bd5 Nf6 31. Bc4 Qe5 32. Qd2 Qd6 33. Qb2 b6 34.
Bxa6 g5 35. Nfe2 Qe5 36. Bc4 Bb4 37. Qd2 Kg7 38. Qc2 Bg6 39. Nd4 Bd6 40. g3 h5
41. Ncb5 Bc5 42. Nc6 Qf5 43. Bf1 Nd5 44. Nbd4 Qf6 45. Qc4 Qd6 46. a5 bxa5 47.
Nxa5 Nxe3 48. fxe3 Qxg3+ 49. Kh1 Qe1 50. Nb7 Be7 51. Nc6 Bf6 52. Nd6 Bb2 53.
Qe2 Qc1 54. Nc4 Bf6 55. b4 Qb1 56. Nd6 Bc3 57. b5 h4 58. Kg2 Bb4 59. Nc4 Bc5
60. Qb2+ Qxb2+ 61. Nxb2 Bxe3 62. Nc4 Bc5 63. b6 Bxb6 64. Nxb6 f5 65. Ne5 Bh5
66. Kf2 Kf6 67. Ned7+ Ke7 68. Be2 Bxe2 69. Kxe2 g4 70. hxg4 fxg4 71. Ne5 g3
1/2-1/2

[Event "DEM U18 2015"]
[Site "Willingen GER"]
[Date "2015.05.24"]
[Round "2"]
[White "Schäfer, Marlon"]
[Black "Ciolek, Andreas"]
[Result "0-1"]
[Termination "normal"]
[Board "14"]
[WhiteElo "1669"]
[BlackElo "2099"]
[PlyCount "62"]
[WhiteFideId "16208773"]
[BlackFideId "12906727"]
[EventCountry "GER"]
[EventRounds "9"]
[EventType "swiss"]
[EventDate "2015.05.23"]

1. e4 d6 2. d4 Nf6 3. Nc3 e5 4. dxe5 dxe5 5. Qxd8+ Kxd8 6. Nf3 Bd6 7. Bc4 Ke7
8. Bg5 c6 9. O-O-O Bc7 10. Rhe1 b5 11. Bd3 Be6 12. Kb1 Nbd7 13. h3 a5 14. Be3
h6 15. Ne2 Ne8 16. Nc1 Nd6 17. Nb3 Nb7 18. h4 a4 19. Nc1 Nd6 20. Ne2 Ba5 21.
Nc3 a3 22. Bd2 axb2 23. Kxb2 Bb6 24. Re2 b4 25. Nb1 Rxa2+ 26. Kc1 c5 27. Be1 c4
28. Bxb4 cxd3 29. Rxd3 Bc5 30. Nc3 Bxb4 31. Nxa2 Bxa2 0-1

[Event "DEM U18 2015"]
[Site "Willingen GER"]
[Date "2015.05.25"]
[Round "3"]
[White "Lampert, Jonas"]
[Black "Grigorian, Spartak"]
[Result "1/2-1/2"]
[Termination "normal"]
[Board "1"]
[WhiteTitle "IM"]
[WhiteElo "2442"]
[BlackElo "2311"]
[WhiteClock "00:32:50"]
[BlackClock "00:33:03"]
[PlyCount "41"]
[WhiteFideId "1303759"]
[BlackFideId "24661490"]
[EventCountry "GER"]
[EventRounds "9"]
[EventType "swiss"]
[EventDate "2015.05.23"]

1. d4 Nf6 2. c4 e6 3. Nc3 Bb4 4. Nf3 d5 5. Qb3 Nc6 6. e3 O-O 7. Bd3 dxc4 8.
Qxc4 Bd6 9. Ne4 e5 10. Nxd6 cxd6 11. dxe5 dxe5 12. Be2 e4 13. Nd4 Nxd4 14. Qxd4
Qxd4 15. exd4 Rd8 16. Be3 Be6 17. Kd2 Rac8 18. Rhc1 Nd5 19. a3 h6 20. Rxc8 Rxc8
21. Rc1 1/2-1/2

[Event "DEM U18 2015"]
[Site "Willingen GER"]
[Date "2015.05.25"]
[Round "3"]
[White "Grimm, Julius"]
[Black "Yankelevich, Lev"]
[Result "1/2-1/2"]
[Termination "normal"]
[Board "2"]
[WhiteElo "2108"]
[BlackElo "2401"]
[WhiteClock "01:04:26"]
[BlackClock "00:32:28"]
[PlyCount "40"]
[WhiteFideId "12916986"]
[BlackFideId "24684074"]
[EventCountry "GER"]
[EventRounds "9"]
[EventType "swiss"]
[EventDate "2015.05.23"]

1. d4 Nf6 2. c4 g6 3. Nc3 d5 4. Nf3 Bg7 5. Qb3 dxc4 6. Qxc4 O-O 7. e4 a6 8. Be2
b5 9. Qb3 c5 10. dxc5 Be6 11. Qc2 Nbd7 12. Be3 Rc8 13. Rd1 b4 14. Nd5 Bxd5 15.
exd5 Nxc5 16. O-O Nce4 17. Qd3 Qd6 18. g3 Nc5 19. Qc4 Nfe4 20. Nd4 e6 1/2-1/2

[Event "DEM U18 2015"]
[Site "Willingen GER"]
[Date "2015.05.25"]
[Round "3"]
[White "Kvetny, Mark"]
[Black "Pfreundt, Jakob"]
[Result "1-0"]
[Termination "normal"]
[Board "3"]
[WhiteTitle "FM"]
[WhiteElo "2382"]
[BlackElo "2273"]
[WhiteClock "00:17:27"]
[BlackClock "00:03:11"]
[PlyCount "63"]
[WhiteFideId "24603929"]
[BlackFideId "12918156"]
[EventCountry "GER"]
[EventRounds "9"]
[EventType "swiss"]
[EventDate "2015.05.23"]

1. d4 d5 2. c4 e6 3. Nc3 Bb4 4. a3 Bxc3+ 5. bxc3 Nf6 6. e3 c5 7. cxd5 exd5 8.
Bd3 Qa5 9. Bd2 c4 10. Bc2 Ne4 11. Ne2 O-O 12. O-O Bf5 13. Be1 Nd6 14. f3 Re8
15. Bg3 Qd8 16. Bxd6 Bxc2 17. Qxc2 Qxd6 18. e4 Nc6 19. e5 Qe6 20. Nf4 Qd7 21.
Nh5 Ne7 22. f4 Qf5 23. Qxf5 Nxf5 24. Rab1 Rab8 25. g4 Ne7 26. f5 Nc6 27. f6 g6
28. Nf4 Red8 29. Rb5 a6 30. Rxd5 Rxd5 31. Nxd5 b5 32. Nc7 1-0

[Event "DEM U18 2015"]
[Site "Willingen GER"]
[Date "2015.05.25"]
[Round "3"]
[White "Krause, Benedict"]
[Black "Xu, Xianliang"]
[Result "0-1"]
[Termination "normal"]
[Board "4"]
[WhiteTitle "FM"]
[WhiteElo "2347"]
[BlackElo "2117"]
[WhiteClock "00:01:18"]
[BlackClock "00:20:04"]
[PlyCount "96"]
[WhiteFideId "12917990"]
[BlackFideId "4603230"]
[EventCountry "GER"]
[EventRounds "9"]
[EventType "swiss"]
[EventDate "2015.05.23"]

1. e4 c5 2. Nf3 d6 3. d4 cxd4 4. Nxd4 Nf6 5. Nc3 g6 6. Be3 Bg7 7. f3 O-O 8. Qd2
Nc6 9. g4 Nxd4 10. Bxd4 Be6 11. Nd5 Bxd5 12. exd5 Nd7 13. Bxg7 Kxg7 14. h4 h6
15. O-O-O Rc8 16. Kb1 Qc7 17. f4 Qc5 18. h5 Nf6 19. hxg6 fxg6 20. Bd3 Nxd5 21.
Bxg6 Kxg6 22. f5+ Kf7 23. Qxd5+ Qxd5 24. Rxd5 Rc4 25. Rxh6 Rxg4 26. b3 Rg5 27.
Rb5 b6 28. a4 Ke8 29. Rb4 Rgxf5 30. Rc4 Kd7 31. Rh7 R5f7 32. Rh6 Rc8 33. Rxc8
Kxc8 34. Rh8+ Kc7 35. Re8 e5 36. Kc1 Kc6 37. Kd2 Kd5 38. Ke3 Rh7 39. Ra8 Rc7
40. Kd2 Kd4 41. Rd8 d5 42. c4 Rc5 43. cxd5 Rxd5 44. Re8 Ke4+ 45. Kc3 Rd7 46.
Kc4 Kf4 47. Kb5 Rc7 48. Ka6 e4 0-1

[Event "DEM U18 2015"]
[Site "Willingen GER"]
[Date "2015.05.25"]
[Round "3"]
[White "Bilchinski, Anton"]
[Black "Brinkmann, Fabian"]
[Result "1-0"]
[Termination "normal"]
[Board "5"]
[WhiteElo "2252"]
[BlackElo "1972"]
[WhiteClock "00:22:58"]
[BlackClock "00:19:58"]
[PlyCount "103"]
[WhiteFideId "24615765"]
[BlackFideId "24661414"]
[EventCountry "GER"]
[EventRounds "9"]
[EventType "swiss"]
[EventDate "2015.05.23"]

1. Nf3 d5 2. c4 c6 3. b3 Nf6 4. Bb2 Bf5 5. g3 e6 6. Bg2 Bd6 7. O-O O-O 8. d3
Re8 9. Qc2 e5 10. Nh4 Be6 11. e4 Nbd7 12. Nd2 Rc8 13. Rae1 Bb8 14. Kh1 dxc4 15.
Nxc4 b5 16. Ne3 c5 17. f4 exf4 18. gxf4 Ng4 19. Nhf5 Nxe3 20. Nxe3 Qh4 21. Qf2
Qxf2 22. Rxf2 f5 23. Rg1 Kf8 24. Bh3 g6 25. exf5 Bxb3 26. axb3 Rxe3 27. Rg3
Rxg3 28. hxg3 Rd8 29. fxg6 hxg6 30. Rh2 Kf7 31. Re2 Re8 32. Rxe8 Kxe8 33. Bg2
Ke7 34. Bc6 b4 35. Kg2 Nf8 36. Be4 Kf7 37. Bd5+ Ke7 38. Kf3 Ne6 39. Ke4 Bd6 40.
Bc4 Nc7 41. Be5 Ne6 42. Kd5 Bxe5 43. fxe5 g5 44. Kc6 Nd4+ 45. Kxc5 Nf5 46. d4
Nxg3 47. d5 g4 48. d6+ Kd8 49. e6 Ne4+ 50. Kc6 g3 51. e7+ Ke8 52. d7+ 1-0

[Event "DEM U18 2015"]
[Site "Willingen GER"]
[Date "2015.05.25"]
[Round "3"]
[White "Vöge, Tobias"]
[Black "Ruff, Maximilian"]
[Result "1/2-1/2"]
[Termination "normal"]
[Board "6"]
[WhiteElo "2141"]
[BlackElo "2276"]
[WhiteClock "00:38:19"]
[BlackClock "00:29:50"]
[PlyCount "103"]
[WhiteFideId "1270513"]
[BlackFideId "1271670"]
[EventCountry "GER"]
[EventRounds "9"]
[EventType "swiss"]
[EventDate "2015.05.23"]

1. d4 d5 2. c4 c6 3. Nc3 Nf6 4. cxd5 cxd5 5. f3 Nc6 6. e4 dxe4 7. d5 Ne5 8.
fxe4 e6 9. Nf3 Nxf3+ 10. Qxf3 exd5 11. e5 Ne4 12. Bb5+ Bd7 13. Rf1 f6 14. exf6
Nxf6 15. Qe2+ Qe7 16. Be3 O-O-O 17. Bxa7 Bxb5 18. Qxe7 Bxe7 19. Nxb5 Bb4+ 20.
Ke2 Kd7 21. Rac1 Rc8 22. Bd4 Be7 23. Kd3 Rxc1 24. Rxc1 Rc8 25. Rxc8 Kxc8 26.
Bxf6 Bxf6 27. Nd6+ Kd7 28. Nxb7 Bxb2 29. Nc5+ Kc6 30. Ne6 Be5 31. g3 Kb5 32.
Nf4 Kc5 33. a4 Kc6 34. Ne6 h6 35. Nd4+ Kb6 36. a5+ Ka6 37. Nc6 Bb2 38. Kc2 Bf6
39. Nb4+ Kxa5 40. Nxd5 Ba1 41. Kd3 Kb5 42. Ke4 Kc5 43. Ne3 Kd6 44. Kf5 Ke7 45.
Kg6 Kf8 46. Nf5 Kg8 47. g4 Bb2 48. h3 Bc3 49. h4 Bb2 50. h5 Bc3 51. Nd6 Bb2 52.
Kf5 1/2-1/2

[Event "DEM U18 2015"]
[Site "Willingen GER"]
[Date "2015.05.25"]
[Round "3"]
[White "Schulz, Lukas"]
[Black "Kramer, Julian"]
[Result "1/2-1/2"]
[Termination "normal"]
[Board "7"]
[WhiteElo "2151"]
[BlackElo "2322"]
[WhiteClock "00:51:21"]
[BlackClock "00:19:58"]
[PlyCount "102"]
[WhiteFideId "12924881"]
[BlackFideId "12921742"]
[EventCountry "GER"]
[EventRounds "9"]
[EventType "swiss"]
[EventDate "2015.05.23"]

1. e4 c5 2. b4 cxb4 3. d4 Nf6 4. Bd3 e6 5. a3 Nc6 6. Nf3 Qb6 7. axb4 Nxb4 8.
O-O d6 9. Na3 Nxd3 10. Qxd3 Qd8 11. Bf4 Be7 12. Qb5+ Qd7 13. e5 dxe5 14. Nxe5
Qxb5 15. Nxb5 O-O 16. Nc7 Rb8 17. Rxa7 Nh5 18. Be3 Bd8 19. Nb5 Bb6 20. Raa1 Nf6
21. c4 Bd7 22. Nxd7 Nxd7 23. c5 Bd8 24. Bf4 e5 25. Bxe5 Nxe5 26. dxe5 Rc8 27.
Rfc1 Be7 28. Nd6 Rc7 29. Rab1 g6 30. Rxb7 Bxd6 31. exd6 Rxb7 32. c6 Rc7 33.
dxc7 Rc8 34. g4 Rxc7 35. Kg2 f6 36. Kf3 Kf7 37. Kf4 Ke6 38. h4 Kd6 39. g5 f5
40. h5 Kd5 41. h6 Kd6 42. f3 Kd5 43. Rb1 Kxc6 44. Rc1+ Kd6 45. Rxc7 Kxc7 46.
Ke5 Kd7 47. Kf6 f4 48. Kg7 Ke7 49. Kxh7 Kf7 50. Kh8 Kf8 51. h7 Kf7 1/2-1/2

[Event "DEM U18 2015"]
[Site "Willingen GER"]
[Date "2015.05.25"]
[Round "3"]
[White "Hecht, Carsten"]
[Black "Hess, Max"]
[Result "0-1"]
[Termination "normal"]
[Board "8"]
[WhiteElo "2289"]
[BlackElo "2221"]
[WhiteClock "00:05:14"]
[BlackClock "00:33:35"]
[PlyCount "70"]
[WhiteFideId "24693928"]
[BlackFideId "24656666"]
[EventCountry "GER"]
[EventRounds "9"]
[EventType "swiss"]
[EventDate "2015.05.23"]

1. e4 c5 2. Nf3 Nc6 3. d4 cxd4 4. Nxd4 Nf6 5. Nc3 e5 6. Ndb5 d6 7. Bg5 a6 8.
Na3 b5 9. Nd5 Be7 10. Bxf6 Bxf6 11. c4 b4 12. Nc2 Rb8 13. Be2 Bg5 14. O-O b3
15. axb3 Rxb3 16. Ncb4 Nd4 17. Nc6 Nxe2+ 18. Qxe2 Qd7 19. Na5 Rb8 20. c5 dxc5
21. Rfd1 O-O 22. Nf6+ Bxf6 23. Rxd7 Bxd7 24. Qxa6 Rxb2 25. Qd6 Be6 26. Qxc5 Rc8
27. Qe3 Bd8 28. h3 Bb6 29. Qd3 Rxf2 30. Kh1 h6 31. Nb3 Rcc2 32. Qb5 Rxg2 33.
Qxb6 Rh2+ 34. Kg1 Rcg2+ 35. Kf1 Bxh3 0-1

[Event "DEM U18 2015"]
[Site "Willingen GER"]
[Date "2015.05.25"]
[Round "3"]
[White "Eichstaedt, Mirko"]
[Black "Heldt, Ronny"]
[Result "0-1"]
[Termination "normal"]
[Board "9"]
[WhiteElo "2044"]
[BlackElo "1871"]
[PlyCount "108"]
[WhiteFideId "24692310"]
[BlackFideId "12903973"]
[EventCountry "GER"]
[EventRounds "9"]
[EventType "swiss"]
[EventDate "2015.05.23"]

1. d4 Nf6 2. c4 g6 3. Nf3 Bg7 4. g3 d6 5. Bg2 O-O 6. O-O Nc6 7. Nc3 a6 8. e4 e5
9. a3 Rb8 10. Qd3 exd4 11. Nxd4 Nxd4 12. Qxd4 b5 13. Qd3 Nd7 14. cxb5 axb5 15.
Bf4 Nc5 16. Qe3 b4 17. axb4 Rxb4 18. Rab1 Re8 19. Bg5 f6 20. Bh6 Bb7 21. Bxg7
Kxg7 22. Qd2 Nb3 23. Qd1 Nc5 24. f3 Ba6 25. Rf2 Qb8 26. Bf1 Bxf1 27. Kxf1 Rb3
28. Kg2 Nd7 29. Qc2 Ne5 30. Rd1 c5 31. f4 Nc6 32. Rdd2 Nd4 33. Qd1 Qb7 34. Kg1
f5 35. exf5 Nxf5 36. g4 Nd4 37. f5 Re3 38. Rxd4 cxd4 39. Qxd4+ Re5 40. fxg6
hxg6 41. Qd2 Rxb2 42. Qc1 Rxf2 43. Kxf2 Qb6+ 44. Kf1 Qc6 45. Kf2 Rc5 46. Qe3
Rxc3 47. Qe7+ Kg8 48. Qe6+ Kf8 49. Qf6+ Ke8 50. Qxg6+ Kd8 51. Qf6+ Kc8 52. g5
Qc5+ 53. Kg2 Qd5+ 54. Kg1 Qd1+ 0-1

[Event "DEM U18 2015"]
[Site "Willingen GER"]
[Date "2015.05.25"]
[Round "3"]
[White "Peil, Christoph"]
[Black "Niegsch, Nicolas"]
[Result "1-0"]
[Termination "normal"]
[Board "10"]
[WhiteElo "2227"]
[BlackElo "2112"]
[PlyCount "93"]
[WhiteFideId "24651800"]
[BlackFideId "12932140"]
[EventCountry "GER"]
[EventRounds "9"]
[EventType "swiss"]
[EventDate "2015.05.23"]

1. c4 e6 2. d4 Nf6 3. g3 d5 4. Bg2 dxc4 5. Nf3 Nc6 6. O-O Rb8 7. b3 cxb3 8.
axb3 Bd6 9. Bb2 a6 10. Nbd2 b5 11. e4 Be7 12. Qe2 O-O 13. Rfc1 Bb7 14. e5 Nd7
15. Ne4 Nb4 16. Nfd2 Bd5 17. Bc3 Rb6 18. Qe3 Bb7 19. Bb2 Qa8 20. f4 Kh8 21. Bh3
g6 22. Nc5 Nxc5 23. dxc5 Rc6 24. Ne4 Rd8 25. Nd6 Nd5 26. Qe2 cxd6 27. exd6+ Bf6
28. Bxf6+ Nxf6 29. Qe5 Kg7 30. g4 Qc8 31. g5 Rdxd6 32. gxf6+ Kg8 33. b4 Rd5 34.
Qxd5 exd5 35. Bxc8 Bxc8 36. Re1 Be6 37. Red1 h6 38. h4 Kh7 39. Ra3 Bc8 40. Rxd5
Rxf6 41. Rd4 Kg7 42. Rc3 Bb7 43. Kh2 Re6 44. Rd6 Re4 45. c6 Bxc6 46. Rdxc6 Rxf4
47. Rb3 1-0

[Event "DEM U18 2015"]
[Site "Willingen GER"]
[Date "2015.05.25"]
[Round "3"]
[White "Ciolek, Andreas"]
[Black "Hoffmann, Tim"]
[Result "0-1"]
[Termination "normal"]
[Board "11"]
[WhiteElo "2099"]
[BlackElo "2102"]
[PlyCount "58"]
[WhiteFideId "12906727"]
[BlackFideId "12900338"]
[EventCountry "GER"]
[EventRounds "9"]
[EventType "swiss"]
[EventDate "2015.05.23"]

1. e4 c5 2. Nf3 d6 3. d4 cxd4 4. Qxd4 Nc6 5. Bb5 Bd7 6. Bxc6 Bxc6 7. Nc3 Nf6 8.
Bg5 e6 9. O-O-O Be7 10. Qd3 Qa5 11. h4 h6 12. Bd2 Qc7 13. Nd4 a6 14. f4 O-O-O
15. Qe2 h5 16. f5 e5 17. Nf3 Ng4 18. Kb1 d5 19. exd5 Bxd5 20. Bg5 Bc4 21. Qe1
f6 22. Bd2 Rd7 23. Nh2 Nxh2 24. Rxh2 Rhd8 25. Rh3 Kb8 26. Bc1 Bxa2+ 27. Ka1
Rxd1 28. Nxd1 Qxc2 29. Rc3 Qa4 0-1

[Event "DEM U18 2015"]
[Site "Willingen GER"]
[Date "2015.05.25"]
[Round "3"]
[White "Syrov, Arkadi"]
[Black "Holtel, Jasper"]
[Result "1-0"]
[Termination "normal"]
[Board "12"]
[WhiteElo "2051"]
[BlackElo "2044"]
[PlyCount "81"]
[WhiteFideId "12942448"]
[BlackFideId "12956376"]
[EventCountry "GER"]
[EventRounds "9"]
[EventType "swiss"]
[EventDate "2015.05.23"]

1. e4 c5 2. Nc3 a6 3. f4 b5 4. Nf3 Bb7 5. d3 e6 6. Qe2 Nc6 7. Be3 Qa5 8. g4 b4
9. Nd1 b3+ 10. Nc3 bxc2 11. Bg2 Nd4 12. Bxd4 cxd4 13. Nxd4 Bb4 14. Qxc2 Rc8 15.
Nb3 Qb6 16. Qf2 Qd8 17. Rc1 d5 18. O-O Ne7 19. Qd4 Bxc3 20. Rxc3 Rxc3 21. bxc3
O-O 22. Nc5 Bc6 23. Nxa6 Qa5 24. Nb4 dxe4 25. Qd6 Qa7+ 26. d4 Ba8 27. f5 exf5
28. gxf5 Rc8 29. f6 Ng6 30. Qg3 Qa3 31. d5 gxf6 32. d6 Kg7 33. Kh1 Rxc3 34. Qf2
Qxb4 35. Qxf6+ Kh6 36. d7 e3 37. Bxa8 e2 38. d8=Q exf1=Q+ 39. Qxf1 Qc5 40. Qd2+
Kg7 41. Qa1 1-0

[Event "DEM U18 2015"]
[Site "Willingen GER"]
[Date "2015.05.25"]
[Round "3"]
[White "Müller, Nils Samuel"]
[Black "Schäfer, Marlon"]
[Result "1-0"]
[Termination "normal"]
[Board "13"]
[WhiteElo "1812"]
[BlackElo "1669"]
[PlyCount "77"]
[WhiteFideId "24654361"]
[BlackFideId "16208773"]
[EventCountry "GER"]
[EventRounds "9"]
[EventType "swiss"]
[EventDate "2015.05.23"]

1. e4 e5 2. Nf3 Nc6 3. Bb5 a6 4. Ba4 d6 5. c3 f5 6. exf5 Bxf5 7. O-O Bd3 8. Re1
Nge7 9. Bc2 Bxc2 10. Qxc2 Ng6 11. d4 Be7 12. Qb3 Rb8 13. Na3 exd4 14. cxd4 d5
15. Ng5 Nxd4 16. Qa4+ Nb5 17. Nxb5 axb5 18. Qxb5+ Qd7 19. Ne6 c6 20. Qd3 Rg8
21. Qg3 Rc8 22. Qh3 Nf8 23. Bg5 Kf7 24. Qf5+ Bf6 25. Bxf6 gxf6 26. Qh5+ Rg6 27.
Nc5 Qg4 28. Qxg4 Rxg4 29. Nxb7 Rb8 30. Nd6+ Kg6 31. b3 Rg5 32. f4 Rg4 33. g3 h5
34. Re7 h4 35. Kf2 Nh7 36. Kf3 f5 37. Rae1 Ra8 38. R1e6+ Nf6 39. Rf7 1-0

[Event "DEM U18 2015"]
[Site "Willingen GER"]
[Date "2015.05.25"]
[Round "3"]
[White "Siegert, Gregor"]
[Black "Engert, Marvin"]
[Result "0-1"]
[Termination "normal"]
[Board "14"]
[WhiteElo "1839"]
[BlackElo "1727"]
[PlyCount "60"]
[WhiteFideId "1271250"]
[BlackFideId "12901164"]
[EventCountry "GER"]
[EventRounds "9"]
[EventType "swiss"]
[EventDate "2015.05.23"]

1. Nf3 Nf6 2. g3 g6 3. Bg2 Bg7 4. O-O O-O 5. d4 c6 6. c4 d6 7. Nc3 Qa5 8. h3
Be6 9. Qd3 Qa6 10. b3 Bf5 11. Qe3 Re8 12. g4 Bd7 13. Bb2 Qb6 14. Rad1 Na6 15.
Qc1 Rad8 16. c5 Qc7 17. cxd6 exd6 18. g5 Ne4 19. Nxe4 Rxe4 20. Ne5 Rxe2 21. Bf3
Bxh3 22. Bxe2 Bxf1 23. Bxa6 Bxa6 24. Ng4 Qd7 25. Nf6+ Bxf6 26. gxf6 Qg4+ 27.
Kh2 Qh5+ 28. Kg1 Be2 29. f3 Qxf3 30. Qh6 Qg3+ 0-1

[Event "DEM U18 2015"]
[Site "Willingen GER"]
[Date "2015.05.26"]
[Round "4"]
[White "Grigorian, Spartak"]
[Black "Kvetny, Mark"]
[Result "1-0"]
[Termination "normal"]
[Board "1"]
[BlackTitle "FM"]
[WhiteElo "2311"]
[BlackElo "2382"]
[WhiteClock "00:17:43"]
[BlackClock "00:04:35"]
[PlyCount "69"]
[WhiteFideId "24661490"]
[BlackFideId "24603929"]
[EventCountry "GER"]
[EventRounds "9"]
[EventType "swiss"]
[EventDate "2015.05.23"]

1. d4 Nf6 2. c4 e6 3. Nf3 d5 4. Nc3 dxc4 5. e4 Bb4 6. Bxc4 c5 7. O-O cxd4 8.
Nxd4 O-O 9. Bg5 h6 10. Bh4 Bxc3 11. bxc3 e5 12. Nb5 Nc6 13. Qxd8 Nxd8 14. Bxf6
gxf6 15. Bd5 Ne6 16. Rfb1 Rd8 17. a4 a6 18. Na3 Nf4 19. c4 Ne2+ 20. Kf1 Nc3 21.
Rb6 f5 22. f3 fxe4 23. fxe4 Nxa4 24. Rxh6 Kg7 25. Rh5 f6 26. Nc2 Nc5 27. Ra3
Kg6 28. Rh4 Kg5 29. Rh7 Kg6 30. Rc7 Nd7 31. Rg3+ Kh6 32. Ne3 Nf8 33. Rf7 Nh7
34. Nf5+ Bxf5 35. exf5 1-0

[Event "DEM U18 2015"]
[Site "Willingen GER"]
[Date "2015.05.26"]
[Round "4"]
[White "Xu, Xianliang"]
[Black "Bilchinski, Anton"]
[Result "1-0"]
[Termination "normal"]
[Board "2"]
[WhiteElo "2117"]
[BlackElo "2252"]
[WhiteClock "00:10:35"]
[BlackClock "00:02:42"]
[PlyCount "67"]
[WhiteFideId "4603230"]
[BlackFideId "24615765"]
[EventCountry "GER"]
[EventRounds "9"]
[EventType "swiss"]
[EventDate "2015.05.23"]

1. e4 e5 2. Nf3 Nf6 3. Nxe5 d6 4. Nf3 Nxe4 5. Nc3 Nxc3 6. dxc3 Be7 7. Be3 O-O
8. Qd2 Nd7 9. O-O-O Re8 10. h4 c6 11. h5 h6 12. Kb1 Nf6 13. Bd3 d5 14. Bxh6
gxh6 15. Qxh6 Bf8 16. Qg5+ Kh8 17. Rde1 Be6 18. Qf4 Nd7 19. g4 Qf6 20. Qg3 Qe7
21. g5 Nc5 22. Qe5+ Bg7 23. Qf4 Nxd3 24. cxd3 Rg8 25. Ne5 Rge8 26. Ng4 Rg8 27.
Ne5 Rge8 28. g6 Bxe5 29. Rxe5 f6 30. Rxe6 Qxe6 31. Qh6+ Kg8 32. Qh7+ Kf8 33.
g7+ Ke7 34. g8=Q+ 1-0

[Event "DEM U18 2015"]
[Site "Willingen GER"]
[Date "2015.05.26"]
[Round "4"]
[White "Ruff, Maximilian"]
[Black "Lampert, Jonas"]
[Result "1/2-1/2"]
[Termination "normal"]
[Board "3"]
[BlackTitle "IM"]
[WhiteElo "2276"]
[BlackElo "2442"]
[WhiteClock "00:21:51"]
[BlackClock "00:10:31"]
[PlyCount "54"]
[WhiteFideId "1271670"]
[BlackFideId "1303759"]
[EventCountry "GER"]
[EventRounds "9"]
[EventType "swiss"]
[EventDate "2015.05.23"]

1. e4 e5 2. Nf3 Nc6 3. Bc4 Nf6 4. d3 Bc5 5. c3 a6 6. Bb3 Ba7 7. O-O d6 8. Be3
O-O 9. Nbd2 Na5 10. Bc2 c5 11. Re1 Nc6 12. Nf1 d5 13. Bg5 d4 14. cxd4 cxd4 15.
Bb3 h6 16. Bxf6 Qxf6 17. Ng3 g6 18. Rc1 Bb6 19. h3 Ba5 20. Nd2 h5 21. Re2 h4
22. Ngf1 Nd8 23. Nc4 Bb4 24. Rec2 Be6 25. a3 Be7 26. Nh2 b5 27. Na5 Bxb3
1/2-1/2